La monarquía.

Saved in:
Bibliographic Details
Main Author: Tomás de Aquino 1220-1274 Santo (autor)
Other Authors: Robles, Laureano (estudio preliminar, traducción y notas), Chueca, Angel (estudio preliminar, traducción y notas)
Format: Book
Published: Madrid, España: Tecnos, 1994.
Edition:Segunda edición.
Series:Clásicos del Pensamiento, 65.
Subjects:
Tags: Add Tag
No Tags, Be the first to tag this record!

MARC

LEADER 00000nam a2200000 a 4500
001 UCP3472
003 CL-VaPUC
005 20240711162232.0
008 220623t1994 ||||| |||| 00| 0 eng d
999 |c 436278  |d 436276 
020 |a 84-309-1764-0 
040 |c Pontificia Universidad Católica de Valparaíso 
082 7 |a 270.5 TOM 1994  |2 22 
100 |a Tomás de Aquino  |d 1220-1274  |c Santo  |e autor  |9 255832 
245 4 |a La monarquía. 
250 |a Segunda edición.  
260 |a Madrid, España:  |b Tecnos,   |c 1994. 
300 |a 92 páginas.  
490 |a Clásicos del Pensamiento,   |v 65. 
500 |a c.1 Donación Familia Prof. Alejandro Guzmán Brito. 
583 |a last modification  |c 19990625 00:00:00  |k Cristina María Rojas Aguilar 
600 0 |a Tomás de Aquino  |d 1220-1274  |c Santo  |9 255832 
650 |a Monarquía   |9 255259 
650 |a Reyes y soberanos  |9 257458 
700 |a Robles, Laureano  |e estudio preliminar, traducción y notas  |9 871338 
700 |a Chueca, Angel   |e estudio preliminar, traducción y notas  |9 871339 
942 |c BK  |2 ddc  |n 0 
952 |0 0  |1 0  |2 ddc  |4 0  |6 270_500000000000000_TOM_1994  |7 0  |8 C_AGB  |9 584008  |a BIBDER  |b BIBDER  |d 2022-06-23  |e Donación   |i 5652073  |o 270.5 TOM 1994  |p 5652073  |r 2023-01-25  |t 1  |w 2022-06-23  |y BK_US  |k AGB